Železobetónové plošné konštrukcie: Návody pre cvičenie /
Salvato in:
| Autori principali: | , |
|---|---|
| Natura: | Libro |
| Lingua: | slovacco |
| Pubblicazione: |
Bratislava:
Slovenské vydavateľstvo technickej literatúry,
1966
|
| Edizione: | 1. vyd. |
| Soggetti: | |
| Tags: |
Nessun Tag, puoi essere il primo ad aggiungerne!!
|
MARC
| LEADER | 00000nam a22000003a 4500 | ||
|---|---|---|---|
| 001 | 0024629 | ||
| 003 | SK-STU | ||
| 005 | 20170619143858.5 | ||
| 007 | ta | ||
| 008 | 170619s ----xo-----e------000-0-----d | ||
| 040 | |a STU |b slo | ||
| 041 | 0 | |a slo |h slo | |
| 044 | |a xo | ||
| 100 | 1 | |a Augustin, Juraj |4 aut | |
| 245 | 1 | 0 | |a Železobetónové plošné konštrukcie: |b Návody pre cvičenie / |c aut. Juraj Augustin, Miloš Ballo |
| 250 | |a 1. vyd. | ||
| 260 | |a Bratislava: |b Slovenské vydavateľstvo technickej literatúry, |c 1966 | ||
| 300 | |a 282 s. | ||
| 521 | |a Dočasné vysokoškolské učebnice | ||
| 650 | 0 | 7 | |a steny |
| 650 | 0 | 7 | |a dosky |
| 650 | 0 | 7 | |a Nádrže |
| 650 | 0 | 7 | |a kopule |
| 700 | 1 | |a Ballo, Miloš |4 aut | |
| 996 | |b 284V040593 |c V* 43630/S-17 |l VVS |s A |a 24 |w 0024629_0001 | ||